IFM Opac

Routine Decision -Making (Record no. 14824)

MARC details
000 -LEADER
fixed length control field 00416nam a22001697a 4500
020 ## - INTERNATIONAL STANDARD BOOK NUMBER
International Standard Book Number 0803911521
082 ## - DEWEY DECIMAL CLASSIFICATION NUMBER
Classification number 658.403 INB
100 ## - MAIN ENTRY--PERSONAL NAME
Personal name Inbar Michael
245 ## - TITLE STATEMENT
Title Routine Decision -Making
260 ## - PUBLICATION, DISTRIBUTION, ETC.
Place of publication, distribution, etc. London
Name of publisher, distributor, etc. Sage
Date of publication, distribution, etc. 1979
300 ## - PHYSICAL DESCRIPTION
Extent 239p
Other physical details ill,:22cm
490 ## - SERIES STATEMENT
Series statement The Future of Bureaucracy
500 ## - GENERAL NOTE
General note Includes References
650 ## - SUBJECT ADDED ENTRY--TOPICAL TERM
Topical term or geographic name entry element Routine decision-Making
700 ## - ADDED ENTRY--PERSONAL NAME
Personal name Inbar Michael
942 ## - ADDED ENTRY ELEMENTS (KOHA)
Koha item type Books
Holdings
Withdrawn status Lost status Damaged status Not for loan Home library Current library Shelving location Date acquired Total Checkouts Full call number Barcode Date last seen Price effective from Koha item type
        IFM Main Campus Library IFM Main Campus Library General Collection 01/22/2016   658.403 INB 0000010832 01/22/2016 01/22/2016 Books